000 00428nam a2200169Ia 4500
003 GCL
008 140319s9999 xx 000 0 eng d
040 _aGCL /
_cGCL
082 0 4 _a332.3
_bA A
100 1 _aASHEY, A
245 1 0 _aA HANDBOOK OF COMMERCIAL CORRESPONDENCE /
_cASHEY, A
260 _a[S.N] :
_bELBS ،
_c1993
300 _a279 P
650 0 4 _aCOMMERCE
650 0 4 _aCORRESPONDENCE, COMMERCIAL
942 _2ddc
_cBK
999 _c10780
_d10780